000 00363nam a2200169Ia 4500
001 8919
008 140325s9999 xx 000 0 und d
020 _a1-85158-262-2
040 _cPK-LaUMT
082 _a 613
_bVRI-B
100 _aVries, Jan de
245 _aBody energy
_cVries, Jan de
260 _c1992
300 _a160 p.
546 _aEN
942 _cBK
999 _c10148
_d10148